[Event "World Youth U16 Olympiad 2012"]
[Site "Istanbul TUR"]
[Date "2012.09.03"]
[Round "7.8"]
[White "Lorparizangeneh,S"]
[Black "Dimic,P"]
[Result "1/2-1/2"]
[WhiteElo "2201"]
[BlackElo "2155"]

1.d4 Nf6 2.c4 g6 3.Nc3 Bg7 4.e4 d6 5.Nf3 O-O 6.Be2 e5 7.O-O Nc6 8.d5 Ne7
9.Ne1 Nd7 10.Nd3 f5 11.f3 f4 12.Bd2 h5 13.Rc1 Kh8 14.c5 Nxc5 15.Nxc5 dxc5
16.Na4 c6 17.dxc6 Nxc6 18.Nxc5 g5 19.Nb3 Bf6 20.Bc3 Qe7 21.Qe1 Qg7 22.g3 Bh3
23.Rf2 g4 24.fxg4 hxg4 25.Rc2 f3 26.Bb5 Rac8 27.Rcd2 Nd4 28.Nxd4 exd4 29.Bb4 Rfd8
30.Rd3 Bg5 31.Bd2 Rc5 32.Ba4 b5 33.Bd1 Re5 34.Bxg5 Rxg5 35.Rfd2 Rg6 36.Qf2 Rgd6
37.Bb3 Rc6 38.Rxd4 Rc1+ 39.Bd1 Rxd4 40.Rxd4 Qc7 41.Rd5 Qb6 42.Qxb6 axb6 43.Kf2 Kg7
44.Rd6 Kf8 45.Ke3 Ke7 46.Rd2  1/2-1/2

[Event "40th Olympiad Open"]
[Site "Istanbul TUR"]
[Date "2012.09.04"]
[Round "7.27"]
[White "Jumabayev,R"]
[Black "Zapata,Alo"]
[Result "1-0"]
[WhiteElo "2525"]
[BlackElo "2481"]

1.d4 Nf6 2.c4 g6 3.Nc3 Bg7 4.e4 d6 5.Nf3 O-O 6.Be2 e5 7.O-O Nc6 8.d5 Ne7
9.b4 Nh5 10.g3 f5 11.Ng5 Nf6 12.Bf3 Kh8 13.Bg2 f4 14.c5 Ne8 15.Ne6 Bxe6 16.dxe6 c6
17.Qb3 Qc7 18.Rd1 Rd8 19.Bb2 fxg3 20.hxg3 Nf6 21.cxd6 Rxd6 22.Rxd6 Qxd6 23.Rd1 Qc7
24.Na4 b6 25.Qd3 Nc8 26.Qc3 c5 27.Qxe5 Qc6 28.Rd7 cxb4 29.Bf1 Qxa4 30.Rxg7 Kxg7
31.e7 Qe8 32.exf8=Q+ Qxf8 33.Qc7+ Ne7 34.Qxa7 Qd8 35.Qa4 Qd2 36.Qe8 Qxb2
37.Qxe7+ Kh6 38.e5 Nh5 39.g4 Qd2 40.gxh5 Qf4 41.hxg6  1-0

[Event "World Youth U16 Olympiad 2012"]
[Site "Istanbul TUR"]
[Date "2012.09.04"]
[Round "9.18"]
[White "Dolnak,Michal"]
[Black "Kumic,F"]
[Result "1-0"]
[WhiteElo "2141"]
[BlackElo "2230"]

1.d4 Nf6 2.c4 g6 3.Nc3 Bg7 4.e4 d6 5.Nf3 O-O 6.Be2 e5 7.O-O Nc6 8.d5 Ne7
9.b4 Ne8 10.Nd2 f5 11.c5 Nf6 12.a4 f4 13.Nc4 g5 14.Nb5 Nxe4 15.f3 a6 16.Nxc7 Qxc7
17.fxe4 Ng6 18.Nxd6 Bd7 19.Bg4 Nh4 20.Bd2 Rf6 21.Bxd7 Qxd7 22.Be1 Ng6 23.h3 h6
24.Qg4 Qc7 25.Nc4 Raf8 26.Rf3 Re8 27.Rd1 Nf8 28.Qh5 Rg6 29.Bf2 Kh7 30.Nb6 Rd8
31.Rb3 Bf6 32.Qg4 Kg8 33.b5 axb5 34.axb5 Qh7 35.d6 h5 36.Qf5 g4 37.h4 g3
38.Be1 Qf7 39.Rbb1 Qa2 40.Nd5 Kg7 41.Bc3 Qf2+ 42.Kh1 Qxc5 43.Bxe5 Bxe5 44.Qxe5+ Kh6
45.Qxf4+ Kh7 46.Qf7+ Kh6 47.Ne7 Qe5 48.Nf5+  1-0

[Event "40th Olympiad Open"]
[Site "Istanbul TUR"]
[Date "2012.09.05"]
[Round "8.71"]
[White "Mueller,Le"]
[Black "Goundar,S"]
[Result "1-0"]
[WhiteElo "2166"]
[BlackElo "1929"]

1.Nf3 Nf6 2.c4 g6 3.Nc3 Bg7 4.e4 d6 5.d4 O-O 6.Be2 e5 7.O-O Nc6 8.d5 Ne7
9.Nd2 c6 10.Rb1 b5 11.b4 Bb7 12.dxc6 Bxc6 13.cxb5 Bb7 14.Bf3 d5 15.exd5 Nfxd5
16.Nxd5 Bxd5 17.Nb3 Bxf3 18.Qxf3 Qb6 19.a4 Nf5 20.Bb2 Rac8 21.Nc5 Rfd8 22.Rfd1 Nd4
23.Bxd4 exd4 24.Qd3 Rd5 25.Qe4 Qd6 26.g3 h5 27.h4 Bf6 28.Rd3 Kh7 29.Rbd1 Rc7
30.Rf3 Be5 31.Nd3 f5 32.Qe2 Bf6 33.Qe8 Bg7 34.Kg2 Re7 35.Qc6 Qd8 36.Nf4 Rd6
37.Qc4 Rc7 38.Qa2 Qe7 39.Rfd3 Qe4+ 40.Kg1 Re7 41.Qc4 Be5 42.Nh3 Bf6 43.a5 Qb7
44.b6 Rde6 45.f3 axb6 46.a6 Qa8 47.b5 Re1+ 48.Rxe1 Rxe1+ 49.Kf2 Qe8 50.Nf4 Rb1
51.Qe6 Rb2+ 52.Kg1 Qf8 53.a7 Kh6 54.Qxf6 Qxf6 55.a8=Q Rb1+ 56.Kg2 Rb2+ 57.Kh3 Rxb5
58.Nd5 Qg7 59.Qd8 Kh7 60.Nf6+ Kh6 61.Rxd4 g5 62.Ng8+ Kh7 63.Rd7 g4+ 64.fxg4 fxg4+
65.Kg2 Rb2+ 66.Kf1 Rb1+ 67.Ke2 Rb2+ 68.Kd1 Rb1+ 69.Kc2 Rb2+ 70.Kc1  1-0

[Event "40th Olympiad Open"]
[Site "Istanbul TUR"]
[Date "2012.09.06"]
[Round "9.41"]
[White "Quinones,Cen"]
[Black "Ziska,H"]
[Result "0-1"]
[WhiteElo "2293"]
[BlackElo "2469"]

1.d4 Nf6 2.c4 g6 3.Nc3 Bg7 4.e4 d6 5.Nf3 O-O 6.Be2 e5 7.O-O Nc6 8.d5 Ne7
9.b4 Ne8 10.c5 f5 11.Nd2 Nf6 12.f3 f4 13.a4 g5 14.Ba3 Ng6 15.Nc4 Rf7 16.Rb1 h5
17.cxd6 cxd6 18.b5 Bf8 19.b6 a6 20.Rb3 g4 21.fxg4 hxg4 22.g3 Rh7 23.Rf2 Rh3
24.Nb1 fxg3 25.Rxg3 Nf4 26.Rxf4 exf4 27.Rxh3 gxh3 28.Nbd2 Ng4 29.Bxg4 Qg5
30.Kh1 Bxg4 31.Qg1 Rc8 32.Qf2 Qg6  0-1

[Event "40th Olympiad Open"]
[Site "Istanbul TUR"]
[Date "2012.09.06"]
[Round "9.53"]
[White "Blijstra,Wim"]
[Black "Machin Rivera,M"]
[Result "0-1"]
[WhiteElo "2206"]
[BlackElo "2323"]

1.d4 g6 2.c4 Bg7 3.Nc3 Nf6 4.e4 d6 5.Be2 O-O 6.Nf3 e5 7.O-O Nc6 8.d5 Ne7
9.Ne1 Nd7 10.Nd3 f5 11.Be3 f4 12.Bd2 Nf6 13.c5 g5 14.g4 h5 15.h3 hxg4 16.hxg4 Ng6
17.f3 Rf7 18.b4 Bf8 19.Qb3 Be7 20.Kg2 Qf8 21.Qc4 Nxg4 22.Nd1 Nh4+ 23.Kg1 Nf6
24.Be1 Qh6 25.Bxh4 Qxh4 26.Rf2 Rh7 27.Rg2 Bh3 28.N3f2 Bxg2 29.Kxg2 g4 30.fxg4 Qg3+
31.Kf1 f3 32.cxd6 Nxg4 33.dxe7 Rh1+ 34.Nxh1 Nh2+  0-1

[Event "9th LGA Premium Cup"]
[Site "Nuernberg GER"]
[Date "2012.09.07"]
[Round "4.39"]
[White "Nabavi,P"]
[Black "Koepke,C"]
[Result "1/2-1/2"]
[WhiteElo "2181"]
[BlackElo "2364"]

1.d4 Nf6 2.Nf3 g6 3.c4 Bg7 4.Nc3 O-O 5.e4 d6 6.Be2 e5 7.O-O Nc6 8.d5 Ne7
9.Nd2 Ne8 10.b4 f5 11.c5 Nf6 12.f3 f4 13.Nc4 g5 14.Nb5 Ne8 15.Bd2 Ng6 16.Be1 Rf7
17.Bf2 a6 18.Nc3 Bf8 19.a4 h5 20.cxd6 Bxd6 21.b5 axb5 22.Nxd6 cxd6 23.axb5 Rxa1
24.Qxa1 g4 25.Qa8 g3 26.Ba7 Nh4 27.Na4 gxh2+ 28.Kh1 Qg5 29.Rf2 Rc7 30.Nb2 Rc1+
31.Nd1 Qd8 32.Bb8 Qb6 33.Qa7 Qxa7 34.Bxa7 Bd7 35.Kxh2 Rb1 36.b6 Ng6 37.Rf1 Ne7
38.Nc3 Rb3 39.Rc1 Nc8 40.Bd1 Ra3 41.Ba4 Bxa4  1/2-1/2

[Event "FSGM Sept 2012"]
[Site "Budapest HUN"]
[Date "2012.09.10"]
[Round "9.1"]
[White "Flumbort,A"]
[Black "Konnyu,J"]
[Result "1/2-1/2"]
[WhiteElo "2503"]
[BlackElo "2328"]

1.d4 Nf6 2.c4 g6 3.Nc3 Bg7 4.e4 d6 5.Be2 O-O 6.Nf3 e5 7.O-O Nc6 8.d5 Ne7
9.b4 a5 10.Ba3 Nh5 11.c5 Nf4 12.cxd6 cxd6 13.Nd2 f5 14.bxa5 Rxa5 15.Bb4 Nxe2+
16.Qxe2 Ra6 17.Nc4 fxe4  1/2-1/2

[Event "TCh-SRB Prem 2012"]
[Site "Valjevo SRB"]
[Date "2012.09.17"]
[Round "1.4"]
[White "Martic,I SRB"]
[Black "Ostojic,N1"]
[Result "0-1"]
[WhiteElo "2389"]
[BlackElo "2443"]

1.Nf3 Nf6 2.c4 g6 3.Nc3 Bg7 4.e4 d6 5.d4 O-O 6.Be2 e5 7.O-O Nc6 8.d5 Ne7
9.Bg5 h6 10.Bxf6 Bxf6 11.b4 Bg7 12.Nd2 a5 13.a3 Kh8 14.c5 axb4 15.axb4 Rxa1
16.Qxa1 c6 17.Qa2 dxc5 18.bxc5 cxd5 19.exd5 e4 20.Qb3 Qa5 21.Ncxe4 f5 22.Nc4 Qa7
23.Nb6 fxe4 24.d6 Nf5 25.d7 Bxd7 26.Nxd7 Nd4 27.Qc4 b5 28.cxb6 Qxd7 29.Rb1 Nxe2+
30.Qxe2 Qd3 31.Qe1 Bc3 32.Qc1 Bd2 33.Qb2+ Bc3 34.Qc1 e3 35.fxe3 Bd2 36.Qb2+ Kh7
37.Qa1 Bxe3+ 38.Kh1 Bxb6 39.Rd1 Bd4 40.Qc1 Qc3 41.Qb1 Bg7 42.Qe4 Qe5 43.Qd3 Ra8
44.h4 Ra4 45.g3 Rd4 46.Qxd4 Qxd4 47.Rxd4 Bxd4 48.Kg2 Kg7 49.Kf3 Kf6  0-1

[Event "DYTM KL Open 2012"]
[Site "Kuala Lumpur MAS"]
[Date "2012.09.22"]
[Round "7.6"]
[White "Lim,C"]
[Black "Nolte,R"]
[Result "1/2-1/2"]
[WhiteElo "2317"]
[BlackElo "2453"]

1.Nf3 Nf6 2.c4 g6 3.Nc3 Bg7 4.e4 d6 5.d4 O-O 6.Be2 e5 7.O-O Nc6 8.d5 Ne7
9.Ne1 Nd7 10.Be3 f5 11.f3 f4 12.Bf2 g5 13.a4 a5 14.Nd3 b6 15.b4 axb4 16.Nxb4 Nf6
17.a5 Rxa5 18.Rxa5 bxa5 19.Nc6 Nxc6 20.dxc6 Qe8 21.c5 Kh8 22.cxd6 Qxc6 23.Nb5 cxd6
24.Qxd6 Qxd6 25.Nxd6 Be6 26.Ra1 Ra8 27.Bc4 Bf8 28.Bxe6 Bxd6 29.Rc1 Kg7 30.Rc6 Be7
31.Ba2 Kf8 32.Be1 Nd7 33.Bc3 a4 34.Kf1 a3 35.Ke2 Rb8 36.Ra6 Bb4 37.Bxb4+ Rxb4
38.Rxa3 Rb2+ 39.Kf1  1/2-1/2

[Event "TCh-SUI National A 2012"]
[Site "Switzerland SUI"]
[Date "2012.09.23"]
[Round "7.7"]
[White "Rosenthal,Jon"]
[Black "Karl,H"]
[Result "1/2-1/2"]
[WhiteElo "2325"]
[BlackElo "2165"]

1.d4 Nf6 2.c4 g6 3.Nc3 Bg7 4.e4 d6 5.Nf3 O-O 6.Be2 e5 7.O-O Nc6 8.d5 Ne7
9.Ne1 Nd7 10.Nd3 f5 11.Bd2 fxe4 12.Nxe4 Nf5 13.f3 Nf6 14.Ndf2 Nd4 15.Bd3 Bf5
16.Nxf6+ Qxf6 17.Ne4 Qe7 18.Bg5 Qd7 19.Qd2 Rf7 20.Be3 Bxe4 21.Bxe4 Qe7 22.Qd3 b6
23.Rae1 Qf6 24.Qd2 Qd8 25.f4 Nf5 26.fxe5 Bxe5 27.Bxf5 Rxf5 28.Rxf5 gxf5 29.Bd4 Qf6
30.Bxe5 dxe5 31.d6 Qxd6 32.Qg5+ Qg6 33.Qxg6+ hxg6 34.Rxe5 Kf7 35.Kf2 Rd8
36.Re2  1/2-1/2

[Event "TCh-SUI National A 2012"]
[Site "Switzerland SUI"]
[Date "2012.09.23"]
[Round "7.8"]
[White "Vuilleumier,A"]
[Black "Rusev,A"]
[Result "1-0"]
[WhiteElo "2350"]
[BlackElo "2258"]

1.d4 Nf6 2.c4 g6 3.Nc3 Bg7 4.e4 d6 5.Nf3 O-O 6.Be2 e5 7.O-O Nc6 8.d5 Ne7
9.b4 a5 10.bxa5 Rxa5 11.a4 c5 12.Nd2 Nd7 13.g3 f5 14.Bf3 f4 15.g4 g5 16.Bg2 h5
17.h3 Nf6 18.f3 Ng6 19.Nb3 Ra6 20.a5 Rf7 21.Na4 hxg4 22.hxg4 Nh4 23.Ra2 Bd7
24.Nb6 Bxg4 25.fxg4 Nxg2 26.Rxg2 Nxe4 27.Qd3 Nf6 28.Qg6 e4 29.Bb2 Rxa5 30.Nxa5 Qxb6
31.Bc3 e3 32.Rb2 Qd8 33.Re2 Nh7 34.Bxg7 Rxg7 35.Qe6+ Kh8 36.Nb3 Re7 37.Qf5 Re5
38.Qg6 Qd7 39.Qh5 Qg7 40.Ra1 Kg8 41.Kg2 Nf8 42.Ra8 Qf6 43.Kf3 Re7 44.Nc1 Rh7
45.Rxf8+ Qxf8 46.Qxg5+ Kh8 47.Qf5 Qh6 48.Rh2  1-0

[Event "Oslo GM Open 2012"]
[Site "Oslo NOR"]
[Date "2012.09.30"]
[Round "5.8"]
[White "Urkedal,F"]
[Black "Haugli,P"]
[Result "1/2-1/2"]
[WhiteElo "2470"]
[BlackElo "2302"]

1.d4 Nf6 2.c4 g6 3.Nc3 Bg7 4.e4 d6 5.Nf3 O-O 6.Be2 e5 7.O-O Nc6 8.d5 Ne7
9.Ne1 Nd7 10.Be3 f5 11.f3 f4 12.Bf2 g5 13.Rc1 Ng6 14.Nb5 b6 15.b4 a6 16.Nc3 h5
17.c5 bxc5 18.bxc5 Nf6 19.cxd6 cxd6 20.Na4 g4 21.Nb6 Rb8 22.Nxc8 Rxc8 23.Rxc8 Qxc8
24.Qa4 g3 25.hxg3 fxg3 26.Bxg3 h4 27.Bxa6 Qd8 28.Bf2 Nh5 29.Be3 Ngf4 30.Nd3 Bh6
31.Nxf4 Bxf4 32.Bxf4 Nxf4 33.Kh2 Kh8 34.Rg1 Rg8 35.Kh1 Qe7 36.Qc6 Qg7 37.Bc8 Qg3
38.Qxd6 Rxc8 39.Qxe5+ Kg8 40.Qf5 Rc2 41.Qg4+ Qxg4 42.fxg4 Nd3 43.Kh2 Rxa2  1/2-1/2

[Event "3rd Copa Latino-Americana"]
[Site "Cali COL"]
[Date "2012.10.06"]
[Round "4.14"]
[White "Rosales,D"]
[Black "Duran Vega,S"]
[Result "0-1"]
[WhiteElo "2062"]
[BlackElo "2304"]

1.d4 Nf6 2.c4 g6 3.Nc3 Bg7 4.e4 d6 5.Nf3 O-O 6.Be2 e5 7.O-O Nc6 8.d5 Ne7
9.b4 Ne8 10.Re1 f5 11.Ng5 a5 12.bxa5 Rxa5 13.a4 Kh8 14.Rb1 b6 15.Bd2 Ra8
16.Bf3 f4 17.Bg4 Nxd5 18.cxd5 Qxg5 19.Bxc8 Rxc8 20.f3 Qe7 21.Nb5 g5 22.h3 h5
23.a5 bxa5 24.Bxa5 Bf6 25.Re2 g4 26.fxg4 hxg4 27.hxg4 Bh4 28.g3 Bxg3 29.Rg2 Kg7
30.Be1 Qh4 31.Nd4 exd4 32.Qxd4+ Kg6 33.e5 Bxe1 34.Qe4+ Kg7 35.Rxe1 f3 36.Rf2 Qg3+
37.Kf1 Rh8 38.Qxf3 Qxf3 39.Rxf3 Rh1+ 40.Ke2 Rxe1+ 41.Kxe1 dxe5  0-1

[Event "1st OCF FIDE Fall Open"]
[Site "Stillwater USA"]
[Date "2012.10.06"]
[Round "1.5"]
[White "Nickels,Erik J"]
[Black "Xie,Tianming"]
[Result "1/2-1/2"]
[WhiteElo "1819"]
[BlackElo "1815"]

1.d4 Nf6 2.c4 g6 3.Nc3 Bg7 4.e4 d6 5.Be2 O-O 6.Nf3 e5 7.O-O Nc6 8.d5 Ne7
9.b4 Nd7 10.Ne1 f5 11.f3 f4 12.Nd3  1/2-1/2

[Event "TCh-HUN 2012-13"]
[Site "Budapest HUN"]
[Date "2012.10.07"]
[Round "2"]
[White "Rachela,M"]
[Black "Grimm,D"]
[Result "1-0"]
[WhiteElo "2364"]
[BlackElo "2151"]

1.Nf3 Nf6 2.c4 g6 3.Nc3 Bg7 4.e4 d6 5.d4 O-O 6.Be2 e5 7.O-O Nc6 8.d5 Ne7
9.Bg5 h6 10.Bxf6 Bxf6 11.b4 Bg7 12.c5 f5 13.Nd2 fxe4 14.Ndxe4 Nf5 15.Rc1 h5
16.cxd6 cxd6 17.Nb5 Rf7 18.a4 Bh6 19.Rc3 a6 20.Na3 Kg7 21.Nc4 b5 22.axb5 axb5
23.Na5 Bd7 24.Nc6 Qb6 25.Qd3 Bxc6 26.Rxc6 Qd4 27.Nxd6 Nxd6 28.Rxd6 Qxd3 29.Bxd3 Rf6
30.Rxf6 Kxf6 31.Rd1 Bf8 32.Bxb5 Rb8 33.Be2 Rxb4 34.Rc1 Rd4 35.Rc6+ Kg7 36.Rc7+ Kf6
37.Rd7 Bc5 38.g3 Bf8 39.h4 Bc5 40.Kf1 Bb4 41.Rb7 Bd6 42.Rd7 Bb4 43.Rb7 Bd6
44.Bb5 g5 45.Rh7 Kg6 46.Rh8 gxh4 47.gxh4 Rxd5 48.Be8+ Kg7 49.Rxh5 Be7 50.Bc6 Rc5
51.Be4 Bf6 52.Kg2 Ra5 53.Kg3 Kg8 54.Kg4 Bg7 55.Rf5 Ra4 56.f3 Rd4 57.Rg5 Rd6
58.Kh3 Kf8 59.Rg1 Bh6 60.Kg4 Bf4 61.Kf5 Kf7 62.Rb1 Rf6+ 63.Kg4 Kg7 64.h5 Rf7
65.Bd5 Rd7 66.Be6 Re7 67.Rb6 Re8 68.Bf5 Rh8 69.Rg6+ Kf7 70.Be6+ Ke7 71.Bd5 Rh6
72.Rg8 Kf6 73.Be4 Kf7 74.Bd5+ Kf6 75.Bc4 Ke7 76.Ra8 Kf6 77.Bd3 Kg7 78.Ra7+ Kf8
79.Bg6 Be3 80.Rd7 Bd4 81.Kg5 Rh8 82.Kf6 Bb6 83.Kxe5 Ba5 84.f4 Bc3+ 85.Ke6  1-0

[Event "TCh-CHN 2012"]
[Site "Hangzhou CHN"]
[Date "2012.10.07"]
[Round "16"]
[White "Ju Wenjun"]
[Black "Wang Doudou"]
[Result "1/2-1/2"]
[WhiteElo "2557"]
[BlackElo "2186"]

1.d4 Nf6 2.c4 g6 3.Nc3 Bg7 4.e4 d6 5.Nf3 O-O 6.Be2 e5 7.O-O Nc6 8.d5 Ne7
9.b4 a5 10.Ba3 b6 11.Re1 Nd7 12.bxa5 Bh6 13.Nb5 Rxa5 14.Bb4 Ra6 15.a4 Nc5
16.Bxc5 bxc5 17.Nd2 f5 18.Bd3 Kh8 19.Ra3 Ng8 20.exf5 gxf5 21.Nf1 Nf6 22.Bc2 Bf4
23.Rf3 Ng8 24.Qa1 Bh6 25.Qb1 Qd7 26.Rh3 Qf7 27.Ra3 Bf4 28.Qa1 Qg7 29.Ng3 Qf7
30.Nf1 Qg7 31.Rb3 Nf6 32.Rf3 Nh5 33.Qd1 Ra8 34.Kh1 Bh6 35.Rh3 Rg8 36.g3 Nf6
37.Nxc7 Qxc7 38.Rxh6 Ng4 39.Qd2 Nxh6 40.Qxh6 Qe7 41.Ne3 e4 42.Qf4 Rf8 43.Rb1 Ra7
44.Rb6 Ra6 45.Rb5 Ra7 46.Rb6 Ra6 47.Rb5 Ra7  1/2-1/2

[Event "1st OCF FIDE Fall Open"]
[Site "Stillwater USA"]
[Date "2012.10.07"]
[Round "5.3"]
[White "O Hare,Ciaran"]
[Black "Zhong,Howard"]
[Result "0-1"]
[WhiteElo "1980"]
[BlackElo "1972"]

1.d4 Nf6 2.c4 g6 3.Nc3 Bg7 4.e4 d6 5.Nf3 O-O 6.Be2 e5 7.O-O Nc6 8.d5 Ne7
9.b4 Nh5 10.Re1 f5 11.Ng5 Nf6 12.Bf1 c6 13.c5 cxd5 14.exd5 h6 15.cxd6 Qxd6
16.Nb5 Qxd5 17.Qxd5+ Nexd5 18.Bc4 Kh8 19.Nh3 a6 20.Nd6 b5 21.Bxd5 Nxd5 22.Bb2 e4
23.Bxg7+ Kxg7 24.a3 Rd8 25.Nxc8 Raxc8 26.Rac1 Kf6 27.Kf1 Rc3 28.Nf4 Rxc1
29.Nxd5+ Rxd5 30.Rxc1 Ke5 31.Rc6 Rd6 32.Rc5+ Kd4 33.Ke2 f4 34.h4 e3 35.g3 f3+
36.Kxf3 Rf6+ 37.Ke2 exf2 38.Kf1 Ke3 39.Rc3+ Ke4 40.Rc2 Kd3 41.Rc5 Ke4 42.Rc2 Rf3
43.Re2+ Kd5 44.Rxf2 Rxf2+ 45.Kxf2 Kc4 46.Ke3 Kb3  0-1

[Event "12th Winterthurer Schachwoche"]
[Site "Winterthur SUI"]
[Date "2012.10.07"]
[Round "2"]
[White "Haufler,Boris"]
[Black "Gaehwiler,G"]
[Result "1/2-1/2"]
[WhiteElo "1999"]
[BlackElo "2284"]

1.d4 Nf6 2.Nf3 g6 3.c4 Bg7 4.Nc3 O-O 5.e4 d6 6.Be2 e5 7.O-O Nc6 8.d5 Ne7
9.Nd2 a5 10.Rb1 Nd7 11.a3 f5 12.b4 Kh8 13.f3 Ng8 14.Qc2 Bh6 15.c5 axb4 16.axb4 dxc5
17.Nc4 cxb4 18.Rxb4 f4 19.Rd1 Ngf6 20.Bb2 Bg7 21.Nb5 c6 22.dxc6 bxc6 23.Nbd6 Qe7
24.Ra4 Ba6 25.Na5 Bxe2 26.Qxe2 Qe6 27.Raa1 Ne8 28.Qc4 Nc7 29.Qxc6 Na6 30.Nf7+ Qxf7
31.Rxd7 Qe8 32.Ba3 Nb8 33.Qxa8 Qxd7 34.Qd5 Rc8 35.Qxd7  1/2-1/2

[Event "FSFMA1 October 2012"]
[Site "Budapest HUN"]
[Date "2012.10.08"]
[Round "2.2"]
[White "Henrichsen,J"]
[Black "Maqseed,Nasser"]
[Result "1-0"]
[WhiteElo "1908"]
[BlackElo "2065"]

1.d4 Nf6 2.Nf3 g6 3.c4 Bg7 4.Nc3 O-O 5.e4 d6 6.Be2 e5 7.O-O Nc6 8.d5 Ne7
9.Ne1 Ne8 10.Nd3 f5 11.Bd2 f4 12.Bg4 h5 13.Bxc8 Rxc8 14.f3 g5 15.Be1 Ng6
16.Bf2 b6 17.Nb5 Ra8 18.a4 a6 19.Nc3 Nf6 20.h3 Qd7 21.a5 bxa5 22.Rxa5 g4
23.hxg4 hxg4 24.fxg4 Nxg4 25.c5 Bf6 26.c6 Qc8 27.Qf3 Rf7 28.Rfa1 Rg7 29.Ne1 Bh4
30.Nd1 Bxf2+ 31.Nxf2 Ne3 32.Qh3 Qxh3 33.Nxh3 Nh4 34.Rxa6 Rxa6 35.Rxa6 Nhxg2
36.Ra8+ Kh7 37.Kf2 Nd1+ 38.Ke2 Nxb2 39.Nf3 Ne3 40.Nhg5+ Kh6 41.Rh8+ Kg6 42.Ne6 Re7
43.Nh4+ Kf7  1-0

[Event "TCh-CHN 2012"]
[Site "Hangzhou CHN"]
[Date "2012.10.08"]
[Round "17"]
[White "Lou Yiping"]
[Black "Ding Liren"]
[Result "1/2-1/2"]
[WhiteElo "2419"]
[BlackElo "2660"]

1.d4 Nf6 2.c4 g6 3.Nc3 Bg7 4.e4 d6 5.Nf3 O-O 6.Be2 e5 7.O-O Nc6 8.d5 Ne7
9.Be3 Ng4 10.Bd2 f5 11.Ng5 Nf6 12.exf5 gxf5 13.Qb3 c6 14.Bf3 h6 15.Ne6 Bxe6
16.dxe6 Qc8 17.Rad1 a5 18.Be3 Ne8 19.Bh5 f4 20.Bf7+ Rxf7 21.exf7+ Kxf7 22.Bc1 Nf5
23.Ne4 Nd4 24.Rxd4 exd4 25.Bxf4 a4 26.Qf3 Kg8 27.Nxd6 Nxd6 28.Bxd6 Qe6 29.Qg3 Kh8
30.b3 axb3 31.axb3 Qe2 32.f4 d3 33.Be5 Bxe5  1/2-1/2

[Event "TATA 50th ch-IND National Premier 2012"]
[Site "Kolkata IND"]
[Date "2012.10.11"]
[Round "10.13"]
[White "Swayams,M"]
[Black "Bitan,B"]
[Result "1-0"]
[WhiteElo "2393"]
[BlackElo "2326"]

1.d4 Nf6 2.c4 g6 3.Nc3 Bg7 4.e4 d6 5.Nf3 O-O 6.Be2 e5 7.O-O Nc6 8.d5 Ne7
9.Ne1 Nd7 10.Be3 f5 11.f3 f4 12.Bf2 g5 13.a4 a5 14.Nd3 b6 15.b4 axb4 16.Nxb4 Nf6
17.Nc6 Qd7 18.a5 bxa5 19.c5 Ng6 20.Nxa5 Ba6 21.Bxa6 Rxa6 22.Nc6 Rxa1 23.Qxa1 g4
24.cxd6 g3 25.Ba7 gxh2+ 26.Kh1 cxd6 27.Bf2 Ng4 28.Qa7 Nxf2+ 29.Rxf2 Qxa7
30.Nxa7 Rb8 31.Ncb5 Bf6 32.Rc2 Be7 33.Rc8+ Rxc8 34.Nxc8 Bh4 35.Kxh2 Bg3+  1-0

[Event "TCh-ROU League A 2012"]
[Site "Olanesti ROU"]
[Date "2012.10.11"]
[Round "6.4"]
[White "Busu,C"]
[Black "Petrescu,C"]
[Result "0-1"]
[WhiteElo "2277"]
[BlackElo "2039"]

1.d4 Nf6 2.c4 g6 3.Nc3 Bg7 4.Nf3 O-O 5.e4 d6 6.Be2 e5 7.O-O Nc6 8.d5 Ne7
9.b4 Ne8 10.Nd2 f5 11.Nb3 Nf6 12.f3 f4 13.c5 g5 14.Na5 Ng6 15.Nc4 Rf7 16.cxd6 cxd6
17.a4 h5 18.a5 Bf8 19.Bd2 g4 20.Be1 Rg7 21.Bf2 g3 22.hxg3 fxg3 23.Bxg3 h4
24.Bh2 Nh5 25.Kf2 Ngf4 26.Rg1 Qg5 27.Bf1 Ng3 28.Ne3 Rf7 29.Ra2 Bh6 30.Nc4 Bf8
31.Ke1 Bd7 32.Qd2 Rc8 33.Ne3 Bh6 34.Ned1 Kg7 35.Qf2 a6 36.Qb6 Nxf1 37.Kxf1 Ng6
38.Ke1 Qc1 39.Ne2 Qc4 40.Ra3 Bb5 41.Re3 Rc5 42.bxc5 Bxe3 43.Ndc3 Bxc5 44.Qd8 Bb4
45.Qg5 Bxc3+ 46.Nxc3 Qxc3+ 47.Qd2 Rc7 48.Qxc3 Rxc3 49.Kd2 Rc8 50.Rb1 Kf6
51.g3 hxg3 52.Bxg3 Nf4 53.Rh1 Kg6 54.Rh4 Nh5 55.Rg4+ Kh6 56.Bh4 Ba4 57.Be7 Rc2+
58.Ke1 Nf4 59.Bg5+ Kh5 60.Bxf4  0-1

[Event "TCh-ROU League A 2012"]
[Site "Olanesti ROU"]
[Date "2012.10.13"]
[Round "8.2"]
[White "Suba,M"]
[Black "Baltag,I"]
[Result "1/2-1/2"]
[WhiteElo "2424"]
[BlackElo "2391"]

1.c4 Nf6 2.Nc3 g6 3.e4 d6 4.d4 Bg7 5.Be2 O-O 6.Nf3 e5 7.O-O Nc6 8.d5 Ne7
9.b4 a5 10.Ba3 Nd7 11.bxa5 Rxa5 12.Bb4 Ra8 13.a4 Bh6 14.Nd2 f5 15.Nb3 Nf6
16.Bd3 c5 17.dxc6 bxc6 18.Bc2 c5 19.Ba3 Be6 20.Qe2 Nxe4 21.Nxe4 fxe4 22.Rfd1 Qc7
23.a5 e3 24.fxe3 Nf5 25.Bc1 Qf7 26.e4 Bxc4 27.Qf3 Ne3 28.Bxe3 Qxf3 29.gxf3 Bxe3+
30.Kg2 Rfb8 31.Ra3 Ra6 32.Nd2 Rb2 33.Nxc4 Rxc2+ 34.Kh1 Rxc4 35.Rxe3 Rb4 36.Ra3 Kf7
37.Kg2 Ke6 38.h4 Rb5 39.Rda1 c4 40.Kf2 d5 41.exd5+ Rxd5 42.Ra4 Rd4 43.h5 gxh5
44.Rb4 c3 45.Rb3 c2 46.Rc1 Rc4 47.Rb2 Rxa5 48.Rbxc2 Rxc2+ 49.Rxc2 h4 50.Rc6+ Kf5
51.Rh6 Ra2+ 52.Ke3 Ra3+ 53.Kf2 Ra2+ 54.Ke3 Ra3+  1/2-1/2

[Event "16th Unive Open"]
[Site "Hoogeveen NED"]
[Date "2012.10.20"]
[Round "2"]
[White "Hovenga,A"]
[Black "Valdes,Le"]
[Result "0-1"]
[WhiteElo "2246"]
[BlackElo "2414"]

1.d4 Nf6 2.c4 g6 3.Nc3 Bg7 4.e4 d6 5.Nf3 O-O 6.Be2 e5 7.O-O Nc6 8.d5 Ne7
9.Ne1 Nd7 10.f3 f5 11.Be3 f4 12.Bf2 g5 13.g4 fxg3 14.hxg3 h5 15.Be3 Ng6 16.Qd2 Bh6
17.Nd3 Kh7 18.Kg2 Nf4+ 19.Kh2 Nb6 20.Nf2 Qf6 21.Nh1 Qe7 22.g4 hxg4 23.fxg4 Nxe2
24.Qxe2 Rf4 25.Rg1 Bd7 26.Rg3 Raf8 27.b3 Bc8 28.Nf2 Nd7 29.Kg2 Bg7 30.Rh1+ Kg8
31.Rh5 a6 32.b4 R8f7 33.Qd3 Nf8 34.Bxf4 exf4 35.Rgh3 Qe5 36.Ne2 Ng6 37.Ng1 f3+
38.Rxf3 Nf4+ 39.Rxf4 Qxf4 40.Ngh3 Qc1 41.Rxg5 Kf8 42.Rf5 Bxf5 43.exf5 Bh6
44.Qd4 Kg8 45.Qe4 Be3 46.Qe8+ Kg7 47.Ne4 Qxc4 48.Kf3 Qd3 49.Qe6 Bd4+ 50.Kg2 Qc2+
51.Kg3 Kf8 52.Neg5 Re7 53.Qc8+ Re8 54.Ne6+ Ke7 55.Qxc7+ Qxc7 56.Nxc7 Be5+
57.Kf2 Rc8 58.Ne6 Rc1 59.Kf3 Kd7 60.Ke4  0-1

[Event "NIT Nagpur GM Open 2012"]
[Site "Nagpur IND"]
[Date "2012.10.20"]
[Round "8.17"]
[White "Saurabh,K"]
[Black "Petrosian,DG"]
[Result "0-1"]
[WhiteElo "2249"]
[BlackElo "2459"]

1.d4 Nf6 2.Nf3 g6 3.c4 Bg7 4.Nc3 O-O 5.e4 d6 6.Be2 e5 7.O-O Nc6 8.d5 Ne7
9.b4 a5 10.Ba3 axb4 11.Bxb4 b6 12.a4 Re8 13.Re1 Bf8 14.Bf1 c5 15.Ba3 Bg7
16.Qb3 Bd7 17.Reb1 Nc8 18.Bc1 Rf8 19.Ra3 Ne8 20.g3 h6 21.Bg2 Kh7 22.Ne1 f5
23.exf5 gxf5 24.f4 Nf6 25.Nb5 Qe7 26.fxe5 Bxb5 27.cxb5 dxe5 28.a5 e4 29.Nc2 bxa5
30.Bf4 Nd7 31.Ne3 Nd6 32.Kh1 Be5 33.Rf1 Bxf4 34.Rxf4 c4 35.Qa2 Nxb5 36.Rxa5 Rxa5
37.Qxa5 Nd6 38.Bh3 Qe5 39.Qc7 Rf7 40.Nxf5 Nxf5 41.Bxf5+ Kg7 42.Rg4+ Kh8 43.Qd8+ Nf8
44.Qh4 Qxf5 45.Rf4 Qxd5 46.Qxh6+ Nh7 47.Kg2 e3+ 48.Kh3 Rxf4 49.Qxf4 Qe6+
50.Kg2 e2 51.Qb8+ Kg7 52.Qb2+ Nf6  0-1

[Event "Danilo Batricevic Mem Balkan GP"]
[Site "Cetinje MNE"]
[Date "2012.10.21"]
[Round "2.4"]
[White "Djukanovic,S"]
[Black "Djukic,Ni"]
[Result "0-1"]
[WhiteElo "2321"]
[BlackElo "2539"]

1.d4 Nf6 2.c4 g6 3.Nc3 Bg7 4.e4 d6 5.Nf3 O-O 6.Be2 e5 7.O-O Nc6 8.d5 Ne7
9.b4 a5 10.bxa5 c5 11.Bd2 Rxa5 12.Rb1 Ra6 13.Rb3 h6 14.Qc1 Kh7 15.h3 Ne8
16.Qc2 f5 17.Rfb1 Nf6 18.Bd3 f4 19.Be2 g5 20.Qd1 Qe8 21.Nh2 Neg8 22.Rb6 Rxb6
23.Rxb6 Qd8 24.Rb3 Kg6 25.f3 h5 26.Nb5 Nh6 27.Na7 Rf7 28.Nxc8 Qxc8 29.a4 Bf8
30.Qb1 Kg7 31.Be1 Kg8 32.Kh1 Rg7 33.a5 Qd7 34.Ra3 Qf7 35.Rb3 g4 36.fxg4 hxg4
37.Bh4 gxh3 38.gxh3 Nh5 39.Ng4 Qg6 40.Bf3 Nxg4 41.Bxg4 Be7 42.Bxe7 Rxe7 43.Kh2 Nf6
44.Bf5 Qh5 45.Qc2 Rg7 46.Qf2 Qd1 47.Rb2 f3 48.Be6+ Kf8  0-1

[Event "TCh-CZE Div1 Vychod 2012-13"]
[Site "Czech Republic CZE"]
[Date "2012.10.21"]
[Round "1.4"]
[White "Blahynka,M"]
[Black "Rabatin,J"]
[Result "1/2-1/2"]
[WhiteElo "2153"]
[BlackElo "2209"]

1.d4 Nf6 2.c4 g6 3.Nc3 Bg7 4.e4 d6 5.Nf3 O-O 6.Be2 e5 7.O-O Nc6 8.d5 Ne7
9.b4 Nh5 10.Re1 Nf4 11.Bf1 a5 12.bxa5 c5 13.Nb5 Rxa5 14.a4 Ra6 15.Ra3 Nh5
16.g3 f5 17.Ng5 Nf6 18.f3 h6 19.Nh3 g5 20.Nf2 Bd7 21.exf5 Nxf5 22.Bd3 Nd4
23.Nxd4 cxd4 24.c5 Ra8 25.cxd6 Nxd5 26.Bc4 Bc6 27.Ne4 Kh8 28.Bb5 Nf6 29.Bxc6 bxc6
30.Ra2 Nxe4 31.fxe4 Qxd6 32.Ba3 c5 33.Qc2 Rfc8 34.Rc1 Qc6 35.Bxc5 Ra5 36.Bd6 Qxc2
37.Rcxc2 Rxc2 38.Rxc2 Rxa4 39.Kf2 Ra6 40.Bc7 Ra3 41.Rc5 Re3 42.Bxe5 Rxe4
43.Rc8+ Kh7 44.Bxg7 Kxg7 45.Rd8 g4 46.Rd6 h5 47.Rd5 Kg6 48.Rd6+ Kf5 49.Rd5+ Ke6
50.Rd8  1/2-1/2

[Event "Danilo Batricevic Mem Balkan GP"]
[Site "Cetinje MNE"]
[Date "2012.10.22"]
[Round "4.14"]
[White "Djukanovic,S"]
[Black "Pasko,Llambi"]
[Result "1-0"]
[WhiteElo "2321"]
[BlackElo "2197"]

1.d4 Nf6 2.c4 g6 3.Nc3 Bg7 4.e4 d6 5.Nf3 O-O 6.Be2 e5 7.O-O Nc6 8.d5 Ne7
9.b4 a5 10.bxa5 Nd7 11.Be3 Rxa5 12.Nd2 f5 13.Nb3 Ra8 14.f3 Nf6 15.c5 f4 16.Bf2 g5
17.cxd6 cxd6 18.Nd2 Ng6 19.Nc4 Rf7 20.Nb5 Ne8 21.Nb6 Rb8 22.Qb3 h5 23.Rfc1 Bf8
24.Rc3 Bd7 25.Rac1 g4 26.Nxd7 Qxd7 27.Bb6 Nh4 28.fxg4 hxg4 29.Nc7 f3 30.Bb5 Qe7
31.Nxe8 fxg2 32.Rg3 Qg5 33.Be3 Qh5 34.Be2 Rxe8 35.Rxg4+ Ng6 36.Rxg2 Qh7 37.Bg4 Kh8
38.Qa4 Nh4 39.Rg3 Rb8 40.Bg5 Bh6 41.Bxh4 Bxc1 42.Be6 Qxh4 43.Bxf7 Bf4 44.Kg2 Bxg3
45.hxg3 Qf6 46.Be6 Rf8 47.Bf5 Rg8 48.Qd1 Qh6 49.a4 Rg5 50.Qc2 Qh4 51.Qc8+  1-0